Escribir Rápido - 100 PPM - Estadísticas

Estadísticas generales
  • Esta prueba ha sido intentada 5.176 veces
  • La puntuación promedio es 3 de 10
Estadísticas de respuestas
Oración Escrita Palabras Carac. % Correcto
Este ha sido un paso adelante bastante impávido 8 47
98%
Si es bueno vivir todavía es mejor soñar y lo mejor de todo despertar 14 69
80%
Debemos reducir al mínimo la posibilidad de sufrir los contratiempos 10 69
56%
Ese resultado es extremadamente improbable pero existe 7 54
37%
La más estricta justicia no creo que sea siempre la mejor política 12 66
17%
A mí me gusta ver las series de la historia 10 43
13%
El proceso de calentar la miel se controla con cuidado 10 54
11%
No lo sé quizás soy incapaz de ser vulnerable 9 45 = 555
8%
La gente que vive en casas de cristal no debe arrojar piedras 12 61
5%
Así que elige tu próximo movimiento con cuidado 8 47
5%
No se encontraron pruebas coincidentes
Distribución de puntuación
Porcentaje de gente con cada puntuación
Porcentaje por número respondido
Historial de tus puntuaciones
No has intentado esta prueba.